Macroeconomic determinants of IPO activity in Poland between 1993 and 2013

Verejná ponuka akcií (IPO) - faktory rozhodovania firiem pri vstupe na kapitálový trh. Korelačná analýza nepotvrdila hypotézu o závislosti výnosov akciových trhov od obchodných cyklov.

Gespeichert in:
Bibliographische Detailangaben
1. Verfasser: Kovandová, Sylvia
Weitere Verfasser: Zinecker, Marek
Format: Buchkapitel
Sprache:Englisch
Schlagworte:
Tags: Tag hinzufügen
Keine Tags, Fügen Sie das erste Tag hinzu!

MARC

LEADER 00000naa a2200000 4500
001 0209293
005 20231204135534.7
041 0 |a eng 
044 |a SK 
245 1 0 |a Macroeconomic determinants of IPO activity in Poland between 1993 and 2013  |c Lucie Kaňovská 
520 |a Verejná ponuka akcií (IPO) - faktory rozhodovania firiem pri vstupe na kapitálový trh. Korelačná analýza nepotvrdila hypotézu o závislosti výnosov akciových trhov od obchodných cyklov. 
610 2 0 |a financie podnikové 
610 2 0 |a trh kapitálový 
100 1 |a Kovandová, Sylvia 
700 1 |a Zinecker, Marek